Digitalisové glykosidy a jejich význam v současné kardiologii

Bibliographic Details
Main Author: Gregor, Pavel, 1952- (Author)
Format: Article
Language:Czech
PhysicalDescription:Fotogr.
ISSN:0006-9248
Subjects:

MARC

LEADER 00000nab a2200000 a 4500
001 vtls000666963
003 SK-MaSNL
005 20260302183800.0
008 140414c1998 xo 0 cze
015 |a SNBRB1998/07-19536 
035 |a CLN000019146 
040 |a SNKBUCL  |b slo  |c SNKBUCL  |e AACR2 
041 0 |a cze 
044 |a xo  |c SK 
080 |a 615.22  |2 1997 
080 |a 616.1  |2 1997 
100 1 |a Gregor, Pavel,  |d 1952-  |4 aut  |9 215746 
245 1 0 |a Digitalisové glykosidy a jejich význam v současné kardiologii  |c Pavel Gregor 
300 |b Fotogr. 
504 |a Bibliogr. odkazy 
650 0 7 |a digitalis  |2 snkbucl  |9 14741 
650 0 7 |a digoxín  |2 snkbucl  |9 897940 
655 7 |a články z novín a časopisov  |2 snkbucl  |9 267496 
773 0 |t Bratislavské lekárske listy  |g Roč. 99, č. 7 (1998), s. 123-127  |x 0006-9248 
850 |a Slovenská národná knižnica v Martine 
852 |a SNK  |b KIS3GCP 
958 |a NB 
992 |a RBX 
999 |c 1422919  |d 1424849